Relationship satisfaction and conflict resolution of romantic partners in a long-distance romantic relationship (Record no. 365427)
[ view plain ]
| 000 -LEADER | |
|---|---|
| fixed length control field | 00560nam a22001577a 4500 |
| 003 - CONTROL NUMBER IDENTIFIER | |
| control field | 0 |
| 005 - DATE AND TIME OF LATEST TRANSACTION | |
| control field | 20231107095911.0 |
| 008 - FIXED-LENGTH DATA ELEMENTS--GENERAL INFORMATION | |
| fixed length control field | 230929b xxu||||| |||| 00| 0 eng d |
| 050 ## - LIBRARY OF CONGRESS CALL NUMBER | |
| Classification number | HQ 750 |
| Item number | .R63 2022 |
| 100 ## - MAIN ENTRY--PERSONAL NAME | |
| Personal name | Rodas, Kirsten Rose O. |
| 245 ## - TITLE STATEMENT | |
| Title | Relationship satisfaction and conflict resolution of romantic partners in a long-distance romantic relationship |
| Statement of responsibility, etc | Rodas, Kirsten Rose O. |
| 260 ## - PUBLICATION, DISTRIBUTION, ETC. (IMPRINT) | |
| Place of publication, distribution, etc | Las Pinas City |
| Name of publisher, distributor, etc | Southville International School and Colleges |
| Date of publication, distribution, etc | C2022 |
| 300 ## - PHYSICAL DESCRIPTION | |
| Extent | x, 351pp. |
| Dimensions | 28cm. |
| 500 ## - GENERAL NOTE | |
| General note | Interpersonal relations. |
| 942 ## - ADDED ENTRY ELEMENTS (KOHA) | |
| Source of classification or shelving scheme | Library of Congress Classification |
| Koha item type | Theses |
| Withdrawn status | Lost status | Source of classification or shelving scheme | Damaged status | Home library | Current library | Shelving location | Date acquired | Source of acquisition | Sub Shelving location | Total Checkouts | Full call number | Barcode | Date last seen | Price effective from | Koha item type |
|---|---|---|---|---|---|---|---|---|---|---|---|---|---|---|---|
| Library of Congress Classification | College Library | College Library | Theses Section | 09/29/2023 | Donation | HQ 750 .R63 2022 | T1206 | 09/29/2023 | 09/29/2023 | Theses |